LEADER 00941nam0-22002771i-450- 001 990006243380403321 005 19980601 035 $a000624338 035 $aFED01000624338 035 $a(Aleph)000624338FED01 035 $a000624338 100 $a19980601d1965----km-y0itay50------ba 105 $a----m---00-yy 200 1 $a<>New Oorker Abkommen vom 10 Juni 1958 uber die Anerkennung und Vollsstreckung auslandischer Schiedsspriche$edissertation...$fTheodor Richard Bertheau. 210 $aWinterthur$cKeller$d1965 215 $aXI,, 136 p.$d24 cm 676 $a341.522 700 1$aBertheau,$bTheodor Richard$0236202 801 0$aIT$bUNINA$gRICA$2UNIMARC 901 $aBK 912 $a990006243380403321 952 $aDISSERT. A 459$b80304$fFGBC 959 $aFGBC 996 $aNew Oorker Abkommen vom 10 Juni 1958 uber die Anerkennung und Vollsstreckung auslandischer Schiedsspriche$9638782 997 $aUNINA DB $aGIU01 LEADER 00856nam0-22002651i-450- 001 990004842760403321 005 19990530 035 $a000484276 035 $aFED01000484276 035 $a(Aleph)000484276FED01 035 $a000484276 100 $a19990530f19001997km-y0itay50------ba 101 0 $aita 105 $ay-------001yy 200 1 $aProfilo di sir George Etherege$eEstratto dagli Annali della Facolta di Lettere e Filosofia dell'Universita di Napoli, Volume XII 1969-1970$fRenato Lo Schiavo 210 $aNapoli$cIstituto Editoriale del Mezzogiorno$ds.d. 215 $aPag. varia$d26 cm 700 1$aLo Schiavo,$bRenato$0172242 801 0$aIT$bUNINA$gRICA$2UNIMARC 901 $aBK 912 $a990004842760403321 952 $aK 115 A$bFil. Mod.$fFLFBC 959 $aFLFBC 996 $aProfilo di sir George Etherege$9518196 997 $aUNINA